Normal view
MARC view
- Johnson, Richard C
Entry Personal Name
001 - CONTROL NUMBER
- control field: 127208
003 - CONTROL NUMBER IDENTIFIER
- control field: NUST
005 - DATE AND TIME OF LATEST TRANSACTION
- control field: 20241220095739.0
008 - FIXED-LENGTH DATA ELEMENTS
- fixed length control field: 241220|| aca||aabn | a|a d
040 ## - CATALOGING SOURCE
- Original cataloging agency: NUST
- Transcribing agency: NUST
100 ## - HEADING--PERSONAL NAME
- Personal name: Johnson, Richard C
670 ## - SOURCE DATA FOUND
- Source citation: Work cat.: (NUST)195117: Antenna engineering handbook /, cop. 1984
